Destined for you : Ladies of the Lake series / Tracie Peterson.
In 1869, Gloriana Womack's family is much smaller since scarlet fever killed her mother and two of her siblings. She lives in a modest cottage in Duluth, Minnesota, with her father and young brother, and she has dedicated her life to holding her tiny, fractured family together--especially as her father is frequently gone on long fishing trips. Their livelihood may come from the waters of Lake Superior, but storms on the lake can be dangerous, even to those who know it well. Luke Carson has come to Duluth to help shepherd the arrival of the railroad to the city's port, and he's eager to be reunited with his brother, Scott, who recently moved there with his pregnant wife. Competition for the railroad is fierce, with the neighboring city of Superior, Wisconsin, fighting for the tracks to come through their town instead. But the real danger lies in a resident of Duluth who is determined to have his revenge upon Luke. When tragedy brings Gloriana and Luke together, they help each other through their grief and soon find their lives inextricably linked. If they survive the trials ahead, could it be possible they've been destined for each other all along?
Record details
- ISBN: 9781432886684
- ISBN: 1432886681
- Physical Description: 439 pages (large print) ; 23 cm.
- Publisher: Waterville, Maine : Thorndike Press, a part of Gale, a Cengage Company, 2021.
Search for related items by subject
| Subject: | Man-woman relationships > Fiction. Railroads > Design and construction > Fiction. Families > Fiction. Revenge > Fiction. Fishing. > Fiction. Duluth (Minn.) > Fiction. |
| Genre: | Large type books. Romance fiction. Christian fiction. Historical fiction. Railroad fiction. |
Search for related items by series
| LDR | 04273cam a2200781 i 4500 | ||
|---|---|---|---|
| 001 | 159818 | ||
| 003 | SBPL | ||
| 005 | 20230117130914.0 | ||
| 008 | 210115s2021 meu d 000 1 eng d | ||
| 010 | . | ‡a 2020042361 | |
| 020 | . | ‡a9781432886684 ‡q(large print ; ‡qhardcover) | |
| 020 | . | ‡a1432886681 ‡q(large print ; ‡qhardcover) | |
| 035 | . | ‡a(OCoLC)1231549322 ‡z(OCoLC)1244814237 ‡z(OCoLC)1253256274 ‡z(OCoLC)1262790478 | |
| 050 | 4. | ‡aPS3566.E7717 ‡bD47 2021b | |
| 082 | 0 | 4. | ‡a813.6 ‡223 |
| 100 | 1 | . | ‡aPeterson, Tracie, ‡eauthor. |
| 245 | 1 | 0. | ‡aDestined for you : ‡bLadies of the Lake series / ‡cTracie Peterson. |
| 264 | 1. | ‡aWaterville, Maine : ‡bThorndike Press, a part of Gale, a Cengage Company, ‡c2021. | |
| 300 | . | ‡a439 pages (large print) ; ‡c23 cm. | |
| 336 | . | ‡atext ‡btxt ‡2rdacontent | |
| 337 | . | ‡aunmediated ‡bn ‡2rdamedia | |
| 338 | . | ‡avolume ‡bnc ‡2rdacarrier | |
| 340 | . | ‡nlarge print ‡2rdafs | |
| 490 | 1 | . | ‡aLadies of the Lake series ; ‡vbk 1 |
| 520 | . | ‡aIn 1869, Gloriana Womack's family is much smaller since scarlet fever killed her mother and two of her siblings. She lives in a modest cottage in Duluth, Minnesota, with her father and young brother, and she has dedicated her life to holding her tiny, fractured family together--especially as her father is frequently gone on long fishing trips. Their livelihood may come from the waters of Lake Superior, but storms on the lake can be dangerous, even to those who know it well. Luke Carson has come to Duluth to help shepherd the arrival of the railroad to the city's port, and he's eager to be reunited with his brother, Scott, who recently moved there with his pregnant wife. Competition for the railroad is fierce, with the neighboring city of Superior, Wisconsin, fighting for the tracks to come through their town instead. But the real danger lies in a resident of Duluth who is determined to have his revenge upon Luke. When tragedy brings Gloriana and Luke together, they help each other through their grief and soon find their lives inextricably linked. If they survive the trials ahead, could it be possible they've been destined for each other all along? | |
| 650 | 0. | ‡aMan-woman relationships ‡vFiction. | |
| 650 | 0. | ‡aRailroads ‡xDesign and construction ‡vFiction. | |
| 650 | 0. | ‡aFamilies ‡vFiction. | |
| 650 | 0. | ‡aRevenge ‡vFiction. | |
| 650 | 1. | ‡aFishing. ‡vFiction. | |
| 651 | 0. | ‡aDuluth (Minn.) ‡vFiction. | |
| 655 | 0. | ‡aLarge type books. | |
| 655 | 7. | ‡aRomance fiction. ‡2lcgft | |
| 655 | 7. | ‡aChristian fiction. ‡2lcgft | |
| 655 | 7. | ‡aHistorical fiction. ‡2lcgft | |
| 655 | 7. | ‡aRailroad fiction. ‡2lcgft | |
| 800 | 1 | . | ‡aPeterson, Tracie. ‡tLadies of the lake. ; ‡vbk 1 |
| 901 | . | ‡a159818 ‡bAUTOGEN ‡c159818 ‡tbiblio | |